Detalles MARC
| 000 -CABECERA |
| campo de control de longitud fija |
01566nam a22002417a 4500 |
| 003 - IDENTIFICADOR DEL NÚMERO DE CONTROL |
| campo de control |
DO-SdBNP |
| 005 - FECHA Y HORA DE LA ÚLTIMA TRANSACCIÓN |
| campo de control |
20220601093630.0 |
| 008 - DATOS DE LONGITUD FIJA--INFORMACIÓN GENERAL |
| campo de control de longitud fija |
091125s201u dr 001 0 spa d |
| 020 ## - NÚMERO INTERNACIONAL ESTÁNDAR DEL LIBRO |
| Número Internacional Estándar del Libro |
9789945606263 |
| 040 ## - FUENTE DE LA CATALOGACIÓN |
| Centro catalogador/agencia de origen |
DO-SdBNP |
| Lengua de catalogación |
spa |
| Centro/agencia transcriptor |
BNPHU |
| 082 ## - NÚMERO DE LA CLASIFICACIÓN DECIMAL DEWEY |
| Número de clasificación |
xxxx |
| Número de documento/Ítem |
xxxx |
| 110 1# - ENTRADA PRINCIPAL--NOMBRE DE ENTIDAD CORPORATIVA |
| Nombre de entidad corporativa o nombre de jurisdicción como elemento de entrada |
República Dominicana |
| 9 (RLIN) |
447 |
| 240 13 - TÍTULO UNIFORME |
| Título uniforme |
Ley 155-17 contra lavado de activos y financiamiento al terrorismo |
| 245 10 - MENCIÓN DE TÍTULO |
| Título |
Ley 155-17 contra lavado de activos y financiamiento al terrorismo : |
| Resto del título |
parte ley 72-02, decreto 408-17, decreto 407-17 /. |
| 260 ## - PUBLICACIÓN, DISTRIBUCIÓN, ETC. |
| Lugar de publicación, distribución, etc. |
Santo Domingo : |
| Nombre del editor, distribuidor, etc. |
Dalis, |
| -- |
Libreria Delma |
| Fecha de publicación, distribución, etc. |
[2017]. |
| 300 ## - DESCRIPCIÓN FÍSICA |
| Extensión |
99 P. ; |
| Dimensiones |
21 cm. |
| 500 ## - NOTA GENERAL |
| Nota general |
Parte Ley 72-02 (artículos que permanecerán vigentes hasta tanto se dicte la Ley sobre administración y disposición de bienes incautados, decomisados y abandonados). |
| 500 ## - NOTA GENERAL |
| Nota general |
Dec. 408-17 reglamento de la Ley 155-17 contra lavado de activos, el financiamiento al terrorismo y la proliferación de armas de destrucción masiva. |
| 500 ## - NOTA GENERAL |
| Nota general |
Dec. 407-17 reglamento para la aplicación de medidas en materia de congelamiento preventivo de bienes o activos relacionados con el terrorismo y su financiamiento y con la financiación de la proliferación de armas de destrucción masiva, conforme las resoluciones del consejo de seguridad de las naciones unidas 1267 (1999), y 1989 (2011) y sucesivas, resolución 1988 (2011) y sucesivas, resolución 1373 (2001) y sucesivas, resolución 1718 (2006) y sucesivas, y resolución 2231 (2015) |
| 590 ## - NOTA LOCAL (RLIN) |
| Nota local |
Inventariado, 2022/ YL |
| 910 ## - DATOS DE OPCIÓN DEL USUARIO (OCLC) |
| Datos de opción del usuario |
YLockward |
| 942 ## - ELEMENTOS DE PUNTO DE ACCESO ADICIONAL (KOHA) |
| Fuente del sistema de clasificación o colocación |
Dewey Decimal Classification |
| Tipo de ítem Koha |
Libro |